00750nac a2200253 a 4500003000900000005001700009007000300026008004100029020001800070040003300088082002000121100003200141245006200173264004500235300002600280336002700306337003300333338002800366490001400394500002100408650003200429942001600461999001900477CO-PeBPM20260423210913.0ta260423s2006 ck |||| |||| 00| 0 spa d a9589587043969 aCO-PeBPMbspacCO-PeBPMerda04222aCo863 M843d1 aMoreno-Durán, R.H.eautor10aDesnuda sobre mi cabra c/ Rafael Humberto Moreno-Durán aBogotá, Colombiab: Alfaguarac, c2006 a237 páginasc23 cm. 2rdacontentatextobtxt 2rdamediaasin mediaciónbn 2rdacarrieravolumenbnc aAlfaguara aIncluye índice172LEMBaLiteratura colombiana 2ddcn0cLIT c107339d107339